[Event "3rd Vergani Cup 2018"]
[Site "Montebelluna"]
[Date "2019.01.02"]
[Round "?"]
[White "Shyam, Sundar M."]
[Black "Baglan, Esat"]
[Result "1-0"]
[WhiteElo "2509"]
[BlackElo "2363"]
[Annotator "TA"]
[PlyCount "73"]
[EventDate "2018.12.27"]
[EventType "swiss"]
[EventCountry "ITA"]

{[%evp 17,73,20,20,20,4,12,36,22,11,16,41,-17,0,0,-7,-9,0,-3,0,0,0,0,0,0,0,0,0,0,0,0,8,10,0,0,197,190,239,227,466,466,543,572,562,552,662,648,704,706,689,687,670,678,665,651,887,887,903,894]} 1. e4 e6 2. d4 d5 3. Nd2 c5 4. Ngf3 cxd4 5. Nxd4 Nc6 6. Bb5 Bd7 7. Nxc6 bxc6 8. Bd3 Bd6 {C07: French Tarrasch: 3...c5, 4 Ngf3 and 4 exd5 Qxd5} 9. Qe2 e5 {LiveBook: 4 Games} (9... Ne7 10. Nf3 h6 11. c4 O-O 12. O-O a5 13. Re1 a4 14. Bd2 Rb8 15. Bc3 Bb4 16. Ne5 Bxc3 17. bxc3 {½-½ (52) Navara,D (2740)-Kovalenko,I (2639) Katowice 2017}) 10. exd5 cxd5 {The position is equal.} 11. c4 Nf6 12. O-O $146 ({Predecessor:} 12. cxd5 Nxd5 13. Nc4 Bb4+ 14. Bd2 O-O 15. Bxh7+ Kxh7 16. Qe4+ {½-½ (46) Sanchez Jerez,E (2265)-Kashlinskaya,A (2462) Gibraltar 2016}) 12... O-O {[#] White must now prevent ...e4.} 13. cxd5 Qc7 14. Bc4 (14. b3 $14) 14... Rae8 $11 15. h3 e4 {Strongly threatening ...e3!} 16. Nb3 Qc8 17. Ba6 Qa8 18. Rd1 Nxd5 {[%cal Bf6d5,Bd5f4,Bf4e2][%mdl 32]} 19. Na5 {[#] aiming for Bb7.} e3 $1 20. Bb7 $36 {[%mdl 2048] Black is under pressure.} Nf4 21. Qxe3 Qd8 22. Rxd6 Ne2+ 23. Kh1 Rxe3 24. Bxe3 Qc7 25. Rd5 Bc8 $2 (25... Be6 $11 {and Black stays safe.} 26. Rc5 Qb6) 26. Rc5 $18 Qd7 27. Bf3 Qd3 $2 (27... Ba6 28. Re1 f5) 28. Re1 {White is clearly winning.} Nd4 29. Rd1 Qg6 30. Bxd4 Be6 31. Nc6 {Threatens to win with Ne7+.} Kh8 32. Ne7 Qh6 33. Nf5 Bxf5 34. Rxf5 Qe6 35. Ra5 Rd8 36. Rxa7 ({Inferior is} 36. Bxg7+ Kxg7 37. Rg5+ (37. Rxd8 Qe1+ {[%mdl 64] Double Attack} 38. Kh2 Qxa5 $11 {[%mdl 64] Double Attack}) 37... Kf6 $11) 36... f6 37. Rc1 {Accuracy: White = 86%, Black = 49%.} 1-0

[Event "3rd Vergani Cup 2018"]
[Site "Montebelluna"]
[Date "2019.01.02"]
[Round "?"]
[White "Shyam, Sundar M."]
[Black "Sonis, Francesco"]
[Result "1/2-1/2"]
[WhiteElo "2509"]
[BlackElo "2485"]
[Annotator "TA"]
[PlyCount "86"]
[EventDate "2018.12.27"]
[EventType "swiss"]
[EventCountry "ITA"]

{[%evp 27,86,37,16,16,60,0,31,34,27,32,56,34,95,96,91,95,104,81,85,81,112,98,118,98,91,60,59,61,55,60,68,19,16,13,24,14,19,22,18,16,18,0,27,0,0,0,0,0,0,0,0,0,0,0,0,0,0,0,0,0,0]} 1. e4 e6 2. d4 d5 3. Nd2 c5 4. Ngf3 Nf6 5. exd5 Nxd5 6. dxc5 Nd7 7. Bc4 Nxc5 8. O-O Nb6 9. Be2 Be7 10. Nb3 O-O 11. Nxc5 Bxc5 12. Bd3 Nd5 13. Qe2 Nf6 14. Ne5 Qc7 15. Bg5 {C10: French with 3 Nc3: Unusual Black 3rd moves and 3...dxe4} Bd6 $146 ({Predecessor:} 15... Be7 16. Rfe1 h6 17. Bh4 Nd5 18. Bg3 Bd6 19. Rad1 f5 20. Ng6 Bxg3 21. hxg3 Rf6 22. Ne5 b6 23. Bb5 a6 24. Bc6 {1-0 (38) Syrov,A (2267)-Kopylov,D (2172) Kiel 2017}) 16. Rae1 (16. Bxf6 $14 gxf6 17. Qg4+ Kh8 18. Qh4) 16... Bxe5 17. Qxe5 {White is slightly better.} Qxe5 18. Rxe5 Bd7 19. f3 Bc6 {[#]} ({Better is} 19... h6 $14 20. Bf4 Bc6) 20. Bxf6 $1 $16 gxf6 21. Rh5 Rad8 22. Bxh7+ Kg7 {Strongly threatening ...Rh8.} 23. Bd3 Rd4 24. Kf2 Rfd8 25. Rc5 f5 26. g4 fxg4 27. Rg5+ Kf6 28. Rxg4 R4d5 29. Kg3 Bb5 30. Bxb5 Rxb5 $11 {[%mdl 4096] Endgame KRR-KRR} 31. b3 Ra5 32. a4 Rc5 33. Rf2 Rd1 34. h4 Rc1 35. Rd2 R5xc2 {The position is equal.} 36. Rxc2 Rxc2 {KR-KR} 37. h5 Rc5 38. Kh4 Rc1 39. Rf4+ Kg7 40. a5 Rh1+ 41. Kg4 Rg1+ 42. Kh4 Rh1+ 43. Kg4 Rg1+ {Accuracy: White = 54%, Black = 46%.} 1/2-1/2

[Event "3rd Vergani Cup 2018"]
[Site "Montebelluna"]
[Date "2019.01.02"]
[Round "?"]
[White "Sonis, Francesco"]
[Black "Menezes, Christoph"]
[Result "1-0"]
[WhiteElo "2485"]
[BlackElo "2415"]
[Annotator "TA"]
[PlyCount "109"]
[EventDate "2018.12.27"]
[EventType "swiss"]
[EventCountry "ITA"]

{[%evp 19,109,0,0,0,0,0,0,0,0,0,0,0,22,-4,0,-11,-21,-36,-44,-39,-31,-28,-38,-35,-35,-70,0,0,50,38,30,15,66,29,57,-26,-29,-27,-19,-114,-114,-106,-15,-11,-14,-28,14,16,16,21,50,43,34,52,47,50,83,54,99,44,54,0,0,0,0,0,8,8,46,24,73,83,66,85,121,120,161,161,253,147,147,147,201,210,253,253,253,252,552,474,5122,5121]} 1. c4 e6 2. Nf3 d5 3. g3 Nf6 4. Bg2 dxc4 5. Qa4+ Bd7 6. Qxc4 {A13: English Opening: 1...e6} c5 7. Ne5 Qc8 8. Nc3 (8. Qd3 Nc6 9. Nxd7 Nxd7 10. Nc3 Be7 11. O-O O-O 12. b3 Rd8 13. Bb2 Nb6 {1-0 (81) So,W (2780)-Wei,Y (2729) chess.com INT 2018}) 8... Nc6 9. Nxd7 Qxd7 10. Qa4 Rc8 {LiveBook: 12 Games} 11. d3 Be7 12. O-O O-O 13. Bd2 Rfd8 {[#]} 14. Rfd1 $146 h6 15. Rac1 Nd5 16. Qg4 Nf6 17. Qh3 b6 18. g4 Qd4 19. g5 hxg5 20. Bxg5 Nd5 21. e3 Qe5 22. Nxd5 exd5 (22... Qxg5 $15 23. f4 Qg6 24. Nxe7+ Nxe7) 23. Bf4 $11 Qxb2 {[#]} 24. Bxd5 $1 {[%mdl 512]} Qf6 $1 (24... Rxd5 25. Qxc8+) 25. Be4 {Qh7+ would kill now.} Bd6 (25... g6 $1 $11) 26. Bh7+ Kf8 27. Rc4 (27. Bxd6+ $14 Qxd6 28. Bf5) 27... Ne7 28. Re4 Rc6 29. Qh5 (29. d4 $11) 29... g6 $1 $17 {[%cal Rg6h5]} 30. Qh6+ Qg7 (30... Ke8 $1 $17 {With the idea ...Bxf4.} 31. Bg5 Qf3) 31. Qh4 $11 {Strongly threatening Bxd6.} g5 $1 {[%cal Rg5h4]} 32. Qxg5 Bxf4 (32... Rd7 {is more complex.} 33. Qxg7+ Kxg7 34. Rxe7 Rxe7 35. Be4 Rxe4 36. dxe4 Bxf4 37. exf4 b5) 33. Qxg7+ Kxg7 34. Rxe7 Bxe3 35. fxe3 Kxh7 36. Rxf7+ {[%mdl 4096] Endgame KRR-KRR} Kg6 37. Rxa7 c4 38. Ra3 c3 {[#]} 39. Kf2 (39. Rb3 $1 $16) 39... Kf5 40. Kf3 ({White should play} 40. h4 $14) 40... c2 41. Rc1 {Black must now prevent h4.} Rh8 {aiming for ...Rh3+.} 42. d4 {[%cal Bd3d4,Bd4d5][%mdl 32]} Rh3+ 43. Kg2 Rhh6 {next ...Ke4 is good for Black.} 44. d5 Rc5 {White should prevent ...Ke4.} 45. Rd3 Ke4 46. Rd2 Rg6+ 47. Kf2 Rh6 {[#]} 48. h4 $1 {And now d6 would win.} Rc3 (48... Ke5 {was necessary.}) 49. Rd4+ ({Don't do} 49. Rdxc2 $6 Rf6+ 50. Kg2 Rg6+ 51. Kf2 Rf6+ 52. Kg1 Rg6+ 53. Kh2 Rxe3 $18) ({White must play} 49. Rcxc2 $18 Rf6+ 50. Kg2 Rg6+ 51. Kh2 Rxc2 52. Rxc2) 49... Ke5 $16 50. Ke2 Rg6 (50... Rd6 $16 51. Kd2 Ra3) 51. Kd2 $18 {[%mdl 64] Double Attack} Ra3 52. Rxc2 Rg2+ 53. Kc1 Rxc2+ $2 (53... Rg1+ 54. Kb2 Rxe3) 54. Kxc2 {d6 is the strong threat.} Rxe3 (54... Kd6 $142 55. e4 Rxa2+ 56. Kd3 Ra3+ 57. Kc4 Ra4+ 58. Kc3 Ra2) 55. d6 {Accuracy: White = 56%, Black = 40%.} 1-0

[Event "3rd Vergani Cup 2018"]
[Site "Montebelluna"]
[Date "2019.01.02"]
[Round "?"]
[White "Sonis, Francesco"]
[Black "Hill, Alistair"]
[Result "0-1"]
[WhiteElo "2485"]
[BlackElo "2219"]
[Annotator "TA"]
[PlyCount "80"]
[EventDate "2018.12.27"]
[EventType "swiss"]
[EventCountry "ITA"]

{[%evp 17,80,21,45,10,13,15,16,10,0,0,28,13,18,11,6,8,27,14,25,28,44,36,47,10,30,-2,-2,-3,-3,-7,-6,-8,0,-35,0,0,0,0,79,86,190,177,713,604,682,64,66,66,85,0,0,-181,-62,-395,-140,-150,-66,-1693,-1657,-1409,-184,-1368,-458,-29987,-29987]} 1. Nf3 Nf6 2. b3 g6 3. Bb2 Bg7 4. g3 O-O 5. Bg2 d5 6. c4 c6 7. O-O a5 8. d3 a4 9. Nbd2 {[%cal Bb1d2,Bd2f3,Bf3e5][%mdl 32] A11: English Opening: 1...c6} Na6 {LiveBook: 38 Games} 10. Rc1 (10. Qc1 Bg4 11. Bc3 Nc7 12. h3 Bxf3 13. Nxf3 Ne6 14. b4 d4 15. Bd2 Nd7 16. Rb1 Qc7 {1-0 (42) Banusz,T (2612)-Indjic,A (2599) Valjevo 2018}) 10... axb3 $146 ({Predecessor:} 10... Bg4 11. cxd5 Bxf3 12. Nxf3 Nxd5 13. Bxg7 Kxg7 14. bxa4 Qa5 15. Nd2 Nab4 16. a3 Na2 17. Bxd5 cxd5 {½-½ (59) Hoffmann,H (2205)-Schulze,U (2355) Pforzheim 1997}) 11. axb3 {The position is equal.} Bg4 12. h3 Bxf3 13. Nxf3 Nd7 14. Bxg7 Kxg7 15. d4 e6 16. Qd2 Qb6 17. h4 Nf6 18. Ne5 Rad8 19. c5 Qc7 20. f4 Qe7 21. Qe3 h5 22. Bf3 Nc7 23. Qd3 Nb5 24. e3 Ng8 25. Rc2 Ra8 26. g4 hxg4 27. Bxg4 {And now f5 would win.} Nh6 (27... Nf6 $1 $11 {keeps the balance.}) 28. Rg2 $16 {Hoping for h5.} Rg8 (28... Qf6 $16) 29. h5 $18 gxh5 $2 (29... Nc7 30. Qc2 (30. hxg6 f6 $16) 30... Ra3) 30. Bxe6+ Kf6 {[#]} 31. Bh3 $2 (31. Bxf7 $1 $18 {[%mdl 512] White threatens Rg6+ and mate.} Qxf7 (31... Nxf7 32. Rg6+) 32. Nxf7 Nxf7 33. Rxg8 Rxg8+ 34. Kf2) 31... Rxg2+ $14 32. Kxg2 Kg7 33. Qe2 (33. Kf3 $16 Rg8 34. Rg1+ Kh8 35. Qb1) 33... Qh4 $1 $36 {[%mdl 2048] Black has some pressure.} 34. Kh2 $2 (34. Nf3 $11 {and White has nothing to worry.} Qe7 35. Ne5) 34... Nc3 (34... f5 $1 $19 35. Qf2 Qxf2+ 36. Rxf2 Ng4+ 37. Bxg4 hxg4) 35. Rg1+ $2 {[%mdl 8192]} (35. Qg2+ $15 Kh8 36. Nf3) 35... Kf8 $2 ({But not} 35... Ng4+ 36. Rxg4+ hxg4 37. Qxg4+ Qxg4 38. Bxg4 $19) (35... Kf6 $19 {has better winning chances.} 36. Qf3 Ne4) 36. Qf3 $17 {[#]} (36. Qg2 $2 Ra2 $19) 36... Ne4 ({Black should try} 36... Ra3 $1 $17 37. Qg3 (37. Qg2 $2 Ra2 $19) 37... Qxg3+ 38. Rxg3 Ne4) 37. f5 $2 {[%mdl 8192]} (37. Qg2 $15 Ke7 38. Nf3 Ng4+ 39. Qxg4 Qxg4 40. Bxg4 Ra2+ 41. Rg2 Rxg2+ 42. Kxg2 hxg4 43. Ne5) 37... Ra2+ $19 38. Rg2 Ra1 $2 (38... Nf2 39. Qg3 Nhg4+ 40. Nxg4 Nxg4+ 41. Qxg4 hxg4 42. Rxa2 Qxh3+ {[%mdl 64] Double Attack} 43. Kg1 Qxe3+ {[%mdl 64] Double Attack} 44. Kg2 Qh3+ 45. Kg1 Qxb3) 39. Re2 $2 (39. f6) 39... Nxf5 (39... Ng5 $142 40. Qg2 Nxh3 41. Qxh3 {[#]} Rh1+ $1 {[%mdl 576] Skewer, Deflection} 42. Kxh1 Qxh3+ 43. Kg1 Nxf5) 40. Rg2 (40. Qf4 $19 Qxf4+ {[%mdl 64] Overworked Piece} 41. exf4 Nxd4 {[%mdl 64] Double Attack} 42. Rb2) 40... Qe1 {Accuracy: White = 24%, Black = 24%.} 0-1

[Event "3rd Vergani Cup 2018"]
[Site "Montebelluna"]
[Date "2019.01.02"]
[Round "?"]
[White "Sonis, Francesco"]
[Black "Baglan, Esat"]
[Result "1/2-1/2"]
[WhiteElo "2485"]
[BlackElo "2363"]
[Annotator "TA"]
[PlyCount "56"]
[EventDate "2018.12.27"]
[EventType "swiss"]
[EventCountry "ITA"]

{[%evp 11,56,37,41,7,40,25,45,44,52,35,64,78,69,66,83,50,63,45,38,44,61,24,23,-35,0,-97,-96,-105,-97,-96,-99,-97,-94,-143,-86,-53,0,0,0,0,0,0,0,0,0,0,0]} 1. Nf3 d5 2. d4 Nf6 3. c4 c6 4. e3 e6 5. b3 c5 6. cxd5 {D30: Queen's Gambit Declined: Systems without Nc3} (6. Bb2 cxd4 7. exd4 dxc4 8. bxc4 Qa5+ 9. Nbd2 Ba3 10. Qc1 Bxb2 11. Qxb2 Nc6 12. Be2 Qb4 13. O-O-O {½-½ (57) Short,N (2698)-Duda,J (2706) Heraklio 2017}) 6... exd5 {LiveBook: 8 Games} 7. Be2 Nc6 8. O-O {White is slightly better.} Be7 9. Bb2 O-O 10. Nc3 a6 11. Rc1 cxd4 12. Nxd4 Ne5 $146 ({Predecessor:} 12... Nxd4 13. Qxd4 {½-½ (30) Iagar,R (2142)-Uran Bermudez,O (2160) Valencia 2012}) 13. Nf3 Nc6 14. Na4 Re8 15. Qd3 Ne4 16. Rfd1 Be6 17. Nd4 ({White should try} 17. a3 $11) 17... Ne5 18. Qb1 {[#]} (18. Qc2 $11 {keeps the balance.} Rc8 19. Qb1) 18... Bh4 $1 $17 {[%cal Rh4f2]} 19. g3 Qf6 20. Rf1 {[#]} Bh3 $1 21. Qc2 Bxf1 22. Rxf1 Qg6 (22... Rac8 $142 23. Qd1 b5) 23. Qd1 {With the idea Bh5.} Bxg3 (23... Bf6 $15 24. Bh5 Qh6) 24. fxg3 {The position is equal.} Nxg3 25. hxg3 Qxg3+ {[%mdl 64] Double Attack} 26. Kh1 {aiming for Nf5.} Qh3+ 27. Kg1 {Black must now prevent Nf5.} Qg3+ 28. Kh1 {Hoping for Nf5.} Qh3+ {Accuracy: White = 59%, Black = 57%.} 1/2-1/2

[Event "3rd Vergani Cup 2018"]
[Site "Montebelluna"]
[Date "2019.01.02"]
[Round "?"]
[White "Sonis, Francesco"]
[Black "Naumkin, Igor"]
[Result "0-1"]
[WhiteElo "2485"]
[BlackElo "2410"]
[Annotator "RC"]
[PlyCount "100"]
[EventDate "2018.12.27"]
[EventType "swiss"]
[EventCountry "ITA"]
[TimeControl "5400+30"]
[WhiteClock "0:02:02"]
[BlackClock "0:07:01"]

1. Nf3 {[%emt 0:03:04]} Nf6 {[%emt 0:05:38]} 2. c4 {[%emt 0:00:11]} e6 {[%emt 0:00:08]} 3. d4 {[%emt 0:00:06]} b6 {[%emt 0:00:05]} 4. g3 {[%emt 0:00:03]} Bb7 {[%emt 0:00:05]} 5. Bg2 {[%emt 0:00:03]} Be7 {[%emt 0:00:11]} 6. O-O {[%emt 0:00:05]} O-O {[%emt 0:00:03]} 7. Re1 {[%emt 0:00:03]} d5 {[%emt 0:00:29]} 8. cxd5 {[%emt 0:00:04]} exd5 {[%emt 0:00:06]} 9. Nc3 {[%emt 0:00:04]} Na6 {[%emt 0:01:27]} 10. Bf4 {[%emt 0:00:05]} c5 {[%emt 0:00:28]} 11. Rc1 {[%emt 0:00:03]} Re8 {[%emt 0:01:13]} 12. dxc5 {[%emt 0:07:06]} Nxc5 {[%emt 0:02:17]} 13. Nd4 {[%emt 0:02:01]} Qd7 {[%emt 0:06:42]} 14. Ncb5 {[%emt 0:05:58]} Nh5 {[%emt 0:05:40]} 15. Be3 {[%emt 0:10:41]} a5 {[%emt 0:06:30]} 16. Nc3 {[%emt 0:05:54]} h6 {[%emt 0:08:20]} 17. Qc2 {[%emt 0:05:30]} Nf6 {[%emt 0:03:16]} 18. Nf5 {[%emt 0:06:33]} Bf8 {[%emt 0:02:10]} 19. Bd4 {[%emt 0:01:02]} Nfe4 {[%emt 0:02:32]} 20. Ne3 {[%emt 0:03:13]} Rad8 {[%emt 0:13:55]} 21. Red1 {[%emt 0:00:38]} Qe6 {[%emt 0:00:24]} 22. Na4 {[%emt 0:06:52]} Rc8 {[%emt 0:03:01]} 23. Nc3 {[%emt 0:02:30]} Rcd8 {[%emt 0:00:48]} 24. a3 {[%emt 0:01:13]} h5 {[%emt 0:08:21]} 25. b4 {[%emt 0:11:53]} axb4 {[%emt 0:01:58]} 26. axb4 {[%emt 0:00:02]} Na6 {[%emt 0:02:00]} 27. b5 {[%emt 0:00:20]} Nac5 {[%emt 0:00:26]} 28. Ra1 {[%emt 0:00:14]} h4 {[%emt 0:04:25]} 29. Ra7 {[%emt 0:03:49]} hxg3 {[%emt 0:02:54]} 30. hxg3 {[%emt 0:00:08]} Qc8 {[%emt 0:02:51]} 31. Rc1 {[%emt 0:04:12]} Qb8 {[%emt 0:04:35]} 32. Qa2 {[%emt 0:03:30]} Ne6 {[%emt 0:03:57]} 33. Bxb6 {[%emt 0:09:35]} Rc8 {[%emt 0:01:04]} 34. Rxb7 {[%emt 0:01:15]} Qxb7 {[%emt 0:00:49]} 35. Nexd5 {[%emt 0:00:52]} Rxc3 {[%emt 0:03:51]} 36. Nxc3 {[%emt 0:01:41]} Nxc3 {[%emt 0:00:19]} 37. Rxc3 {[%emt 0:00:33]} Qxb6 {[%emt 0:00:18]} 38. Bc6 {[%emt 0:00:04]} Rd8 {[%emt 0:01:53]} 39. Kg2 {[%emt 0:00:03]} Nd4 {[%emt 0:01:22]} 40. Qc4 {[%emt 0:00:11]} Rc8 {[%emt 0:00:41]} 41. e4 {[%emt 0:03:59]} Nxb5 {[%emt 0:00:56]} 42. Bxb5 {[%emt 0:00:03]} Rxc4 {[%emt 0:00:23]} 43. Bxc4 {[%emt 0:00:01]} Qd4 {[%emt 0:00:33]} 44. Rc1 {[%emt 0:00:47]} Ba3 {[%emt 0:00:36]} 45. Bxf7+ {[%emt 0:00:59]} Kxf7 {[%emt 0:00:09]} 46. Re1 {[%emt 0:00:01]} Ke6 {[%emt 0:00:43]} 47. Re3 {[%emt 0:00:14]} Bc1 {[%emt 0:00:25]} 48. Re2 {[%emt 0:00:19]} Qd3 {[%emt 0:00:20]} 49. Kf1 {[%emt 0:00:09]} Bd2 {[%emt 0:00:55]} 50. e5 {[%emt 0:00:03]} Bc3 {[%emt 0:00:46]} 0-1

[Event "3rd Vergani Cup 2018"]
[Site "Montebelluna"]
[Date "2019.01.02"]
[Round "?"]
[White "Velten, Paul"]
[Black "Rahul Srivatshav P"]
[Result "0-1"]
[WhiteElo "2485"]
[BlackElo "2379"]
[Annotator "TA"]
[PlyCount "106"]
[EventDate "2018.12.27"]
[EventType "swiss"]
[EventCountry "ITA"]

{[%evp 17,106,-6,1,-62,-55,-54,-20,-32,-9,-22,-8,-21,-22,-31,-22,-43,-27,-52,0,-56,0,-35,-20,-31,-19,-31,-31,-40,-29,-64,-36,-39,-35,-33,-18,-18,-27,-27,-25,-32,-7,-7,0,-4,-2,-9,0,-4,40,-30,-11,-45,-33,-42,-39,-55,-38,-72,-74,-69,-76,-72,-60,-128,-129,-121,-119,-133,-110,-128,-123,-128,-107,-378,-377,-362,-329,-1048,-1008,-1735,-1830,-1793,-1600,-1609,-1350,-4727,-4314,-5061,-5061,-5745,-5714]} 1. d4 Nf6 2. c4 g6 3. Nc3 Bg7 4. e4 d6 5. Nf3 O-O 6. Be3 e5 7. dxe5 dxe5 8. Qxd8 Rxd8 9. Nd5 Na6 {[%cal Bb8a6,Ba6c7,Bc7e6][%mdl 32] LiveBook: 41 Games} 10. Nxf6+ {E90: King's Indian: Classical: Early deviations and 6 h3} ({Better is} 10. Bg5 $11 Rd6 11. Bxf6 Bxf6 12. Rc1 (12. Nxf6+ Rxf6 13. Be2 Nb4 $15)) (10. O-O-O Bg4 11. Bg5 Rd6 12. h3 Bxf3 13. gxf3 Re6 14. h4 c6 15. Nc3 h6 16. Be3 Bf8 17. Na4 Ree8 18. c5 {1-0 (37) Sulava,N (2565)-Grigoryan,A (2595) Bastia 2011}) 10... Bxf6 $15 11. a3 c6 12. Be2 $146 {The position is equal.} ({Predecessor:} 12. c5 Nc7 13. Bc4 Be6 14. Rc1 Bxc4 15. Rxc4 Nb5 16. Ke2 Nd4+ 17. Bxd4 exd4 {½-½ (33) Varga,M (2025)-Burgony,C (1729) Miskolc 2010}) 12... Nc7 13. O-O Bg4 14. h3 Bxf3 15. Bxf3 Ne6 16. Bg4 Nd4 17. Bd1 Ne6 18. Bg4 Nd4 (18... Ng5 $15) 19. Rad1 h5 (19... a5 {is more complex.} 20. Rd2 h5 21. Bd1 Ne6 22. Bf3 Be7) 20. Bf3 Ne6 21. Rxd8+ Bxd8 22. Rd1 Bb6 23. Bd2 Rd8 24. Be1 Bd4 25. b4 Kf8 26. h4 b6 27. Kf1 Ke7 28. g3 a6 29. Rb1 Kd6 30. a4 Kc7 31. Bg2 Ng7 32. Ke2 Ne8 33. Rc1 (33. c5 $14) 33... Nd6 34. Rc2 Ra8 35. f4 Nb7 36. Kf3 a5 37. bxa5 Nxa5 38. g4 Nb3 39. gxh5 gxh5 40. Ra2 (40. fxe5 $1 $15 Bxe5 41. Ra2) 40... Nc1 $17 41. Ra3 {[#]} Bb2 $1 {[%cal Rb2a3]} 42. Re3 Rxa4 {aiming for ...Bd4.} 43. Bc3 Bxc3 44. Rxc3 {[%mdl 4096] Endgame KRB-KRN} Na2 45. Rc2 $2 {[%mdl 8192] [#]} (45. Re3 $17) 45... Ra3+ $19 46. Ke2 exf4 47. Bf3 $2 (47. Rd2) 47... Nb4 {Black is clearly winning.} 48. Rd2 Re3+ 49. Kf2 Nd3+ 50. Rxd3 Rxd3 51. Bxh5 Rh3 52. Bxf7 Rxh4 53. e5 Rh3 {Accuracy: White = 34%, Black = 39%.} 0-1

[Event "3rd Vergani Cup 2018"]
[Site "Montebelluna"]
[Date "2019.01.02"]
[Round "?"]
[White "Velten, Paul"]
[Black "Loiacono, Leonardo"]
[Result "1/2-1/2"]
[WhiteElo "2485"]
[BlackElo "2300"]
[Annotator "TA"]
[PlyCount "100"]
[EventDate "2018.12.27"]
[EventType "swiss"]
[EventCountry "ITA"]

{[%evp 16,100,-14,-22,-4,-33,-8,-38,-14,-17,-16,-24,4,-13,-6,-67,-64,-58,-77,-90,-95,-97,-95,-102,-100,-132,-90,-137,-122,-188,-137,-124,-68,-82,-73,-247,-118,-124,-118,-116,-117,-117,-118,-119,-98,-88,-91,-98,-88,-95,-100,-97,-72,-88,-81,-85,-75,-79,-82,-100,-98,-101,-98,-113,-86,-79,-76,-87,-54,-51,-54,-68,0,0,0,0,0,0,0,0,0,0,0,0,0,0,0]} 1. Nf3 d5 2. d3 c5 3. Nbd2 Nc6 4. e4 Nf6 5. Be2 e6 6. c3 Be7 7. Qc2 {B40: Sicilian: 2...e6, Unusual lines} Qc7 8. O-O O-O (8... Bd7 9. a3 Rc8 10. Re1 O-O 11. Bf1 b5 12. Qb1 {1-0 (50) Tsoi,D (2361)-Iljiushenok,I (2519) St Petersburg 2017}) 9. Re1 {LiveBook: 11 Games} Rb8 10. a4 a6 11. Nf1 b5 12. axb5 axb5 13. Bg5 c4 $146 ({Predecessor:} 13... Bb7 14. N1d2 Rfe8 15. Bf1 b4 16. e5 {½-½ (31) Van Uytven,E (2125)-Coenen,N (2330) Antwerp 1998}) 14. Ng3 dxe4 15. dxe4 (15. Nxe4 $11 Nxe4 16. dxe4) 15... h6 $15 16. Be3 Ng4 17. Nf1 Nxe3 18. Nxe3 Bc5 19. Bf1 Rd8 20. g3 Bb7 21. Ng2 Rd7 22. b3 {[#]} (22. Rad1 $17) 22... cxb3 ({Better is} 22... Rbd8 $1 $19 23. Ra2 b4 24. bxc4 bxc3 25. Qxc3 Bb4) 23. Qxb3 $17 Qb6 (23... Ne5 $17 24. Nxe5 Qxe5 25. Qxb5 {[#]} Bxf2+ $1 {[%mdl 512]} 26. Kxf2 Rd2+ 27. Kg1 Rxg2+ 28. Kh1 Qxb5 29. Bxb5 Rc2) 24. Ra2 b4 25. Rb1 $2 (25. cxb4 $17 Nd4 26. Nxd4 Rxd4 {[%mdl 64] Double Attack} 27. b5) 25... Qc7 (25... Na5 $19 {has better winning chances.} 26. Qa4 Bxe4 {[%mdl 64] Double Attack} 27. cxb4 Bxb1 28. bxc5 Qc7 29. Qxa5 Bxa2 30. Qxa2 Qxc5) 26. Qc4 Ne5 27. Nxe5 Qxe5 {[%mdl 64] Double Attack} 28. cxb4 Qxe4 29. Rc2 Qxc4 30. Rxc4 Bb6 31. Ne3 Rd2 32. Rbc1 Ra8 {...Raa2 is the strong threat.} 33. R4c2 Ra2 34. Rxa2 Rxa2 35. Rd1 Rb2 36. b5 g5 37. Rd7 Bf3 38. Rd6 Bc5 39. Rd3 g4 40. Rc3 Bb6 41. Rc2 Rb1 42. Nc4 $1 {[%cal Rc4b6]} Rxb5 43. Nd2 Rc5 (43... Rf5 $15 44. Nxf3 Rxf3) 44. Rb2 $11 {The position is equal.} Ba5 {aiming for ...Bxd2.} (44... Ba7 {with more complications.} 45. Nxf3 gxf3 46. Rb3 Rf5 47. Bd3 Ra5) 45. Nxf3 gxf3 46. Rb5 Rxb5 47. Bxb5 {KB-KB} f5 48. Bc6 Kf7 49. Bxf3 Kf6 50. Bb7 e5 {Accuracy: White = 47%, Black = 53%.} 1/2-1/2

[Event "3rd Vergani Cup 2018"]
[Site "Montebelluna"]
[Date "2019.01.02"]
[Round "?"]
[White "Velten, Paul"]
[Black "Henderson de La Fuente, Lance"]
[Result "0-1"]
[WhiteElo "2485"]
[BlackElo "2484"]
[Annotator "TA"]
[PlyCount "49"]
[EventDate "2018.12.27"]
[EventType "swiss"]
[EventCountry "ITA"]

{[%evp 9,49,2,18,-2,10,0,0,-2,0,0,4,-16,0,-26,25,17,29,-2,-2,-10,0,-32,-29,-33,-29,-16,-21,-30,-28,-23,-6,-31,-29,-22,0,0,9,6,50,50,94,37]} 1. d4 e6 2. Nf3 c5 3. e3 Nf6 4. Bd3 Be7 5. O-O O-O {LiveBook: 77 Games} (5... cxd4 6. exd4 O-O 7. Re1 b6 8. Bf4 Bb7 9. c3 d6 10. h3 Re8 11. Bh2 Nbd7 12. a4 a6 13. Nbd2 {1-0 (47) Cori Tello,J (2659)-Ruiz Castillo,J (2378) Montevideo 2018}) 6. dxc5 {A46: 1 d4 Nf6 2 Nf3 e6: Torre, London and Colle Systems} Bxc5 7. e4 {Threatens to win with e5.} d6 $1 8. Bg5 {The position is equal.} h6 $146 ({Predecessor:} 8... Nbd7 9. c3 a6 10. Nbd2 b5 11. c4 b4 12. Qe2 {0-1 (32) Iglesias Valle,J (2073)-Fernandez Borrego,P (2430) Linares 2016}) 9. Bh4 Nbd7 10. Qe2 Qc7 11. Nbd2 Ng4 (11... e5 $142) 12. Nb3 Nge5 13. Kh1 Bb6 14. Nfd4 Nc5 15. f4 Nexd3 16. cxd3 Nxb3 17. Nxb3 Bd7 18. Rac1 Bc6 19. Bf2 Qd7 20. Bxb6 axb6 21. a3 f5 22. Nd4 fxe4 23. dxe4 Kh8 24. Qe3 Ra4 25. Rfd1 {[%mdl 32768] Precision: White = 24%, Black = 46%. . Loss on Time!?} (25. f5 $16) 0-1